Prieskum konkurencie pre zabezpečenie inovačného zámeru malej firmy : Diplomová práca

Na minha lista:
Detalhes bibliográficos
Autor principal: Molčanová, Anna (Author)
Outros Autores: Molnár, Pavol (xxx)
Formato: Manuscrito Livro
Idioma:eslovaco
Publicado em: Trnava : STU v Bratislave MtF KMK, 1996
Assuntos:
Tags: Adicionar Tag
Sem tags, seja o primeiro a adicionar uma tag!

MARC

LEADER 00000ntm a22000003a 4500
001 stu55262
005 20160719155151.4
008 001012s1996----xo------------------slo-d
040 |a STU  |b slo 
041 0 |a slo 
044 |a xo 
100 1 |a Molčanová, Anna  |4 aut 
245 1 |a Prieskum konkurencie pre zabezpečenie inovačného zámeru malej firmy :  |b Diplomová práca 
260 |a Trnava :  |b STU v Bratislave MtF KMK,  |c 1996 
300 |a 60 s 
650 7 |a Inovácia-konkurencia  |2 stusub 
650 7 |a manažment priemyselných podnikov  |2 stusub 
700 1 |a Molnár, Pavol  |4 xxx 
996 |b 284M028636  |c M*DP-947  |l MMSKP  |s P  |a 0  |w stu55262_0001